000 00648nam a2200217 a 4500
999 _c2226
_d2226
001 2226
003 BD-JhCC
005 20171031102155.0
008 171031s2006 bg a|||| ||a| 000 0 ben d
035 _a(BD-JhCC) 2226
040 _aBD-JhCC
_dBD-JhCC
041 _aben
082 _a891.443
_bAHM 2006
100 _aআহমদ, এখলাসউদ্দিন
245 _aতপুর যুদ্ধ যুদ্ধ খেলা /
_c এখলাসউদ্দিন আহমদ
260 _aঢাকা :
_bঅনন্যা ,
_c2006
300 _a96 p .:
_c22 cm .
650 _aBengali Novel
942 _2ddc
_cBK